00781 2200313 4500001002100000005001500021035002000036245006400056100001700120250001700137300003200154260003500186082000800221084001400229020002200243650001000265990001600275990001600291990001600307990001600323990001600339990001600355990001600371990001600387990001600403990001600419990001600435990001600451INLIS00000000000078420241109075424 a0010-11240000071 aSains Untuk Pemula :bBenda di sekitar kita /cSanti Sanita0 aSanti Sanita aCetakan ke-1 aiv, 44 hlm :bIlus ;c22 cm aJakarta :bGaneca exact,c2007 a500 a500 SAN s a978-979-571-392-0 4aSains a00000004402 a00000004026 a00000004027 a00000004236 a00000004252 a00000004253 a00000004390 a00000004403 a00000004404 a00000004405 a00000004406 a00000004407